<?xml version="1.0" encoding="UTF-8"?><record xmlns="http://www.loc.gov/MARC21/slim" xmlns:zs="http://docs.oasis-open.org/ns/search-ws/sruResponse">
  <leader>04347cam a2200721 a 4500</leader>
  <controlfield tag="001">6009456</controlfield>
  <controlfield tag="005">20250607230835.4</controlfield>
  <controlfield tag="008">981217s1478    enk           000 0 enm  </controlfield>
  <datafield ind1=" " ind2=" " tag="035">
    <subfield code="a">6009456</subfield>
  </datafield>
  <datafield ind1=" " ind2=" " tag="906">
    <subfield code="a">7</subfield>
    <subfield code="b">cbc</subfield>
    <subfield code="c">premver</subfield>
    <subfield code="d">2</subfield>
    <subfield code="e">ncip</subfield>
    <subfield code="f">19</subfield>
    <subfield code="g">y-genrareb</subfield>
  </datafield>
  <datafield ind1=" " ind2=" " tag="955">
    <subfield code="a">he11 2021-07-28</subfield>
    <subfield code="u">he11 2021-07-28 TW situational</subfield>
    <subfield code="i">he18 2025-05-08 NEW INPUT</subfield>
  </datafield>
  <datafield ind1=" " ind2=" " tag="955">
    <subfield code="a">LCAP batch update 2025-06-02-04:00: LCAPM-644</subfield>
  </datafield>
  <datafield ind1=" " ind2=" " tag="010">
    <subfield code="a">   47043568 </subfield>
  </datafield>
  <datafield ind1=" " ind2=" " tag="035">
    <subfield code="9">(DLC)   47043568</subfield>
  </datafield>
  <datafield ind1=" " ind2=" " tag="040">
    <subfield code="a">DLC</subfield>
    <subfield code="b">eng</subfield>
    <subfield code="c">DLC</subfield>
    <subfield code="d">DLC</subfield>
    <subfield code="e">dcrmb</subfield>
  </datafield>
  <datafield ind1="1" ind2=" " tag="041">
    <subfield code="a">enm</subfield>
    <subfield code="a">lat</subfield>
    <subfield code="h">lat</subfield>
  </datafield>
  <datafield ind1="0" ind2="0" tag="050">
    <subfield code="a">PR1859</subfield>
    <subfield code="b">.A2 1478</subfield>
  </datafield>
  <datafield ind1="0" ind2=" " tag="100">
    <subfield code="a">Boethius,</subfield>
    <subfield code="d">-524,</subfield>
    <subfield code="e">author.</subfield>
  </datafield>
  <datafield ind1="1" ind2="0" tag="240">
    <subfield code="a">De consolatione philosophiae.</subfield>
    <subfield code="l">English (Middle English)</subfield>
  </datafield>
  <datafield ind1="1" ind2="0" tag="245">
    <subfield code="a">Boecius de consolacione philosophie</subfield>
  </datafield>
  <datafield ind1="3" ind2="0" tag="246">
    <subfield code="a">De consolacione philosophie</subfield>
  </datafield>
  <datafield ind1=" " ind2=" " tag="260">
    <subfield code="a">[Westminster, London, England] :</subfield>
    <subfield code="b">William Caxton,</subfield>
    <subfield code="c">[about 1478]</subfield>
  </datafield>
  <datafield ind1=" " ind2=" " tag="300">
    <subfield code="a">[188] p. ;</subfield>
    <subfield code="c">29 cm (fol.)</subfield>
  </datafield>
  <datafield ind1=" " ind2=" " tag="336">
    <subfield code="a">text</subfield>
    <subfield code="b">txt</subfield>
    <subfield code="2">rdacontent</subfield>
  </datafield>
  <datafield ind1=" " ind2=" " tag="337">
    <subfield code="a">unmediated</subfield>
    <subfield code="b">n</subfield>
    <subfield code="2">rdamedia</subfield>
  </datafield>
  <datafield ind1=" " ind2=" " tag="338">
    <subfield code="a">volume</subfield>
    <subfield code="b">nc</subfield>
    <subfield code="2">rdacarrier</subfield>
  </datafield>
  <datafield ind1=" " ind2=" " tag="500">
    <subfield code="a">Title from caption, leaf [1]2.</subfield>
  </datafield>
  <datafield ind1=" " ind2=" " tag="500">
    <subfield code="a">Translated by Geoffrey Chaucer. Cf. leaf [12]5 verso: "Maister Geffrey Chaucer hath translated this sayd werke oute of latyn in to our usual and moder tonge. Followyng the latyn as neygh as is possible to be understande."</subfield>
  </datafield>
  <datafield ind1=" " ind2=" " tag="500">
    <subfield code="a">Printer's name from leaf [12]5 verso: "I William Caxton have done me debuoir &amp; payne tenprynte it in forme as is here above made."</subfield>
  </datafield>
  <datafield ind1=" " ind2=" " tag="500">
    <subfield code="a">Approximate date of publication from ISTC.</subfield>
  </datafield>
  <datafield ind1=" " ind2=" " tag="500">
    <subfield code="a">Signatures: [1-11]⁸ [12]⁶ ([1]1 blank)</subfield>
  </datafield>
  <datafield ind1=" " ind2=" " tag="500">
    <subfield code="a">"Epitaphiu[m] Galfredi Chaucer. per poetam laureatu[m] Stephanu[m] surigonu[m] Mediolanense[m] in decretis licenciatu[m]": leaf [12]6.</subfield>
  </datafield>
  <datafield ind1=" " ind2=" " tag="500">
    <subfield code="a">Boethius's Latin text typographically distinguished from Chaucer's translation.</subfield>
  </datafield>
  <datafield ind1=" " ind2=" " tag="500">
    <subfield code="a">Capital spaces with guide letters.</subfield>
  </datafield>
  <datafield ind1=" " ind2=" " tag="500">
    <subfield code="a">LC copy: many leaves repaired; leaf [80] ([11]1), is a facsimile, with a true copy (supplied from the Morgan Library) mounted to a modern leaf afterwards.</subfield>
    <subfield code="5">DLC</subfield>
  </datafield>
  <datafield ind1="4" ind2=" " tag="510">
    <subfield code="a">Goff, F.R. Incunabula in American libraries,</subfield>
    <subfield code="c">B-813</subfield>
  </datafield>
  <datafield ind1="4" ind2=" " tag="510">
    <subfield code="a">Hain, L. Repertorium bibliographicum,</subfield>
    <subfield code="c">3399</subfield>
  </datafield>
  <datafield ind1="4" ind2=" " tag="510">
    <subfield code="a">Copinger, W.A. Supplement to Hain's Repertorium bibliographicum,</subfield>
    <subfield code="c">3399</subfield>
  </datafield>
  <datafield ind1="4" ind2=" " tag="510">
    <subfield code="a">Gesamtkatalog der Wiegendrucke,</subfield>
    <subfield code="c">4576 (variations)</subfield>
  </datafield>
  <datafield ind1="4" ind2=" " tag="510">
    <subfield code="a">Catalogue of books printed in the XVth century now in the British Museum,</subfield>
    <subfield code="c">volume 11, page 111 (lB. 55018)</subfield>
  </datafield>
  <datafield ind1="4" ind2=" " tag="510">
    <subfield code="a">Incunabula short title catalogue,</subfield>
    <subfield code="c">ib00813000</subfield>
  </datafield>
  <datafield ind1="4" ind2=" " tag="510">
    <subfield code="a">Library of Congress. Lessing J. Rosenwald collection,</subfield>
    <subfield code="c">557</subfield>
  </datafield>
  <datafield ind1=" " ind2=" " tag="530">
    <subfield code="a">Also available in digital form on the Library of Congress Web site.</subfield>
  </datafield>
  <datafield ind1=" " ind2=" " tag="561">
    <subfield code="a">LC copy: Gift of Lessing J. Rosenwald, 1943-1975. Rosenwald notes in pencil on the front free endpaper: "There is only 1 facsimile (leaf 80). An original of leaf 80 (furnished by Miss Greene from the Earl of Ashburnham copy) has been inserted after the facsimile." "Miss Greene" is Belle da Costa Greene, a Black woman who began working as J.P. Morgan's personal librarian in 1905, and became director of the Morgan Library when it transitioned from a personal collection to a public institution.</subfield>
    <subfield code="5">DLC</subfield>
  </datafield>
  <datafield ind1=" " ind2=" " tag="561">
    <subfield code="a">LC copy: Bookplate of Thomas Brooke, FSA, Armitage Bridge, on front pastedown. A pencilled note on the front pastedown states that this is the "St. Albans Grammar School copy." See also De Ricci's Census of Caxtons, 8;8.</subfield>
    <subfield code="5">DLC</subfield>
  </datafield>
  <datafield ind1=" " ind2="7" tag="655">
    <subfield code="a">Incunabula.</subfield>
    <subfield code="2">rbmscv</subfield>
  </datafield>
  <datafield ind1="0" ind2="2" tag="700">
    <subfield code="a">Boethius,</subfield>
    <subfield code="d">-524.</subfield>
    <subfield code="t">De consolatione philosophiae.</subfield>
  </datafield>
  <datafield ind1="1" ind2=" " tag="700">
    <subfield code="a">Chaucer, Geoffrey,</subfield>
    <subfield code="d">-1400,</subfield>
    <subfield code="e">translator.</subfield>
  </datafield>
  <datafield ind1="1" ind2=" " tag="700">
    <subfield code="a">Surigonus, Stephanus.</subfield>
  </datafield>
  <datafield ind1="1" ind2=" " tag="700">
    <subfield code="a">Caxton, William,</subfield>
    <subfield code="d">approximately 1422-1491 or 1492,</subfield>
    <subfield code="e">printer.</subfield>
  </datafield>
  <datafield ind1="1" ind2=" " tag="700">
    <subfield code="a">Greene, Belle da Costa,</subfield>
    <subfield code="e">associated name.</subfield>
    <subfield code="5">DLC</subfield>
  </datafield>
  <datafield ind1="1" ind2=" " tag="700">
    <subfield code="a">Brooke, Thomas,</subfield>
    <subfield code="c">Sir,</subfield>
    <subfield code="d">1830-1908,</subfield>
    <subfield code="e">former owner.</subfield>
    <subfield code="5">DLC</subfield>
  </datafield>
  <datafield ind1="2" ind2=" " tag="710">
    <subfield code="a">St. Albans School,</subfield>
    <subfield code="e">former owner.</subfield>
    <subfield code="5">DLC</subfield>
  </datafield>
  <datafield ind1="2" ind2=" " tag="710">
    <subfield code="a">Lessing J. Rosenwald Collection (Library of Congress)</subfield>
    <subfield code="5">DLC</subfield>
  </datafield>
  <datafield ind1=" " ind2=" " tag="752">
    <subfield code="a">England</subfield>
    <subfield code="d">London.</subfield>
  </datafield>
  <datafield ind1="4" ind2="1" tag="856">
    <subfield code="3">Page view</subfield>
    <subfield code="d">rbc0001</subfield>
    <subfield code="f">2019rosen0557</subfield>
    <subfield code="u">https://hdl.loc.gov/loc.rbc/Rosenwald.0557</subfield>
  </datafield>
  <datafield ind1=" " ind2=" " tag="952">
    <subfield code="a">PR1859.A2 1478 Copy 1 formerly marked Incun. X .B65. he18 2025-05-08</subfield>
  </datafield>
  <datafield ind1=" " ind2=" " tag="985">
    <subfield code="a">rbc/scd</subfield>
  </datafield>
  <datafield ind1=" " ind2=" " tag="985">
    <subfield code="a">rbc/rosendgt</subfield>
  </datafield>
  <datafield ind1=" " ind2=" " tag="985">
    <subfield code="a">rbc/rosen</subfield>
  </datafield>
  <datafield ind1=" " ind2=" " tag="985">
    <subfield code="a">rbc/digital/rosen</subfield>
  </datafield>
  <datafield ind1=" " ind2=" " tag="985">
    <subfield code="a">rarebk</subfield>
    <subfield code="g">enh</subfield>
  </datafield>
  <datafield ind1=" " ind2=" " tag="991">
    <subfield code="b">c-RareBook</subfield>
    <subfield code="h">Incun. X</subfield>
    <subfield code="i">.B65</subfield>
    <subfield code="t">Copy 1</subfield>
    <subfield code="m">Rosenwald Coll</subfield>
    <subfield code="w">PREM</subfield>
  </datafield>
</record>
